00670nam a2200181Ia 4500999001500000020001500015082001400030100002300044245005800067260004700125300001300172504002600185650005700211650002700268650003100295942001200326952015000338 c9590d9590 a8186762116 a958 KHA-C aKhan, Aftab' Ahmad 0aCentral Asia: imperialistic motivations and Sinkian'g aNew DelhibDilpreet Publishing Housec1998 avi, 164p aincludes bibliography aAsia, centralvPolitics and governmentz19th Century aAsia, centralvHistory aGeoPoliticszAsia, Central cBK2ddc 001040708DaNASSDOCbNASSDOCd2016-12-30eGifted by : DOCAS Collectioni2004-10-25l0o958 KHA-CpD000707r2019-04-18 00:00:00w2019-04-18yBK